Jesus the storyteller: (Record no. 49982)
| 000 -LEADER | |
|---|---|
| fixed length control field | 00322nam a2200097 4500 |
| 020 ## - INTERNATIONAL STANDARD BOOK NUMBER | |
| International Standard Book Number | 9781839235870 |
| 245 ## - TITLE STATEMENT | |
| Title | Jesus the storyteller: |
| Remainder of title | tales from the New Testament retold for children / |
| Statement of responsibility, etc | Janice Emmerson. |
| 260 ## - PUBLICATION, DISTRIBUTION, ETC. (IMPRINT) | |
| Place of publication, distribution, etc | Bath, UK: |
| Name of publisher, distributor, etc | North Parade Publishing; |
| Date of publication, distribution, etc | 2022. |
| 300 ## - PHYSICAL DESCRIPTION | |
| Extent | 32 p. |
| Other physical details | col. ill. |
| Dimensions | 25 cm. |
| 942 ## - ADDED ENTRY ELEMENTS (KOHA) | |
| Source of classification or shelving scheme | |
| Koha item type | Book |
| Withdrawn status | Lost status | Source of classification or shelving scheme | Damaged status | Not for loan | Collection code | Home library | Current library | Date acquired | Total Checkouts | Full call number | Barcode | Date last seen | Price effective from | Koha item type |
|---|---|---|---|---|---|---|---|---|---|---|---|---|---|---|
| Non-Fiction | Asian Hope Siem Reap | Asian Hope Siem Reap | 12/11/2025 | 220.9505 EMM | 209663 | 12/11/2025 | 12/11/2025 | Book |